书目信息 |
| 题名: |
人类学历史本体论,原名,《哲学纲要》
|
|
| 作者: | 李泽厚 著 | |
| 分册: | ||
| 出版信息: | 青岛 青岛出版社 2016 |
|
| 页数: | 652页 | |
| 开本: | 24cm | |
| 丛书名: | ||
| 单 册: | ||
| 中图分类: | B016 | |
| 科图分类: | ||
| 主题词: | 本体论--ben ti lun--研究 | |
| 电子资源: | ||
| ISBN: | 978-7-5552-3854-6 | |
| 000 | 01074nam0 22002651 450 | |
| 001 | 0124140200 | |
| 005 | 20170324140200.0 | |
| 010 | @a978-7-5552-3854-6@b精装@dCNY139.00 | |
| 100 | @a20160725d2016 em y0chiy50 ea | |
| 101 | 0 | @achi |
| 102 | @aCN@b370000 | |
| 105 | @aa z 000yy | |
| 106 | @ar | |
| 200 | 0 | @a人类学历史本体论,原名,《哲学纲要》@9ren lei xue li shi ben ti lun yuan ming zhe xue gang yao@dA theory of anthropo-historical ontology@f李泽厚著@zeng |
| 210 | @a青岛@c青岛出版社@d2016 | |
| 215 | @a652页@c照片@d24cm | |
| 330 | @a本书以“人类视角,中国眼光”,抓住中华文化之“神”,以孔子来消化康德、马克思和海德格尔等,希冀通过“转化性创造”,为人类未来有所献益。内容包括:伦理学纲要、认识论纲要、存在论纲要等。 | |
| 510 | 1 | @aTheory of anthropo-historical ontology@zeng |
| 517 | 1 | @a人类学历史本体论@9ren lei xue li shi ben ti lun |
| 517 | 1 | @a哲学纲要@9zhe xue gang yao |
| 606 | 0 | @a本体论@9ben ti lun@x研究 |
| 690 | @aB016@v5 | |
| 701 | 0 | @a李泽厚@9li ze hou@f(1930~)@4著 |
| 801 | 0 | @aCN@bTANGWEI@c20170308 |
| 905 | @b0962036-8@dB016@e267@f3 | |
| 人类学历史本体论,原名,《哲学纲要》=A theory of anthropo-historical ontology/李泽厚著.-青岛:青岛出版社,2016 |
| 652页:照片;24cm |
| ISBN 978-7-5552-3854-6(精装):CNY139.00 |
| 本书以“人类视角,中国眼光”,抓住中华文化之“神”,以孔子来消化康德、马克思和海德格尔等,希冀通过“转化性创造”,为人类未来有所献益。内容包括:伦理学纲要、认识论纲要、存在论纲要等。 |
| ● |
| 相关链接 |
|
|
|
|
正题名:人类学历史本体论,原名,《哲学纲要》
索取号:B016/267
 
预约/预借
| 序号 | 登录号 | 条形码 | 馆藏地/架位号 | 状态 | 备注 |
| 1 | 0962036 | 209620365 | 第一样本阅览室/ [索取号:B016/267] | 在馆 | |
| 2 | 0962037 | 209620374 | 第一借阅区/ [索取号:B016/267] | 在馆 | |
| 3 | 0962038 | 209620383 | 第一借阅区/ [索取号:B016/267] | 在馆 |